| 000 | 00831cam a2200253 4500 | ||
|---|---|---|---|
| 001 | ABS61506 | ||
| 008 | 000000n1999 000 0 eng u | ||
| 035 | _a(Sirsi) u102291 | ||
| 100 | _aNelson, R.B. | ||
| 245 | _aServiced offices swamp City | ||
| 260 | _c1999 | ||
| 490 |
_aProperty Week _v(64(44) 12 November 1999, 10-12(3) |
||
| 520 | _aDiscusses the incentives, such as price cuts and discounts, used by providers of serviced offices in the City to attract occupiers, in a sector which is suffering from oversupply. | ||
| 590 | _aABS | ||
| 650 | _aSERVICED OFFICES | ||
| 650 | _aOVERSUPPLY | ||
| 650 | _aINCENTIVES | ||
| 650 | _aDISCOUNTS | ||
| 650 | _aRENT-FREE PERIODS | ||
| 650 | _aCITY OF LONDON | ||
| 690 | _aPROPERTY-COMMERCIAL PROPERTY-COMMERCIAL PROPERTY MARKET | ||
| 700 | _aDavey, J. | ||
| 942 | _n0 | ||
| 999 |
_c61318 _d61318 |
||